Statistics for Capitals Of French Territories

Click here to take the quiz!

General Stats

  • This quiz has been taken 76 times
    (75 since last reset)
  • The average score is 8 of 17

Answer Stats

HintAnswer% Correct
French GuianaCayenne
83%
Saint Pierre And MiquelonSaint-Pierre
83%
GuadeloupeBasse-Terre
77%
French PolynesiaPape'ete
73%
MartiniqueFort-De-France
70%
New CaledoniaNoumea
70%
ReunionSaint-Denis
70%
St BarthélemyGustavia
60%
MayotteMamoudzou
57%
Saint MartinMarigot
57%
Wallis And FutunaMatā'utu
40%
Kerguelen IslandsPort-Aux-Français
30%
French Antarctic TerritoryNo Capital
20%
Île Saint-PaulUninhabited
17%
Clipperton IslandUninhabited
17%
Crozet IslandsAlfred Fraure
7%
Île AmsterdamMartin-De-Vivies
7%

Score Distribution

Percentile by Number Answered

Percent of People with Each Score

Your Score History

You have not taken this quiz since the last reset